| 000 | 00447pab a2200157 454500 | ||
|---|---|---|---|
| 008 | 180718b2009 xxu||||| |||| 00| 0 eng d | ||
| 100 | _aHarrison, Stephen | ||
| 245 | _aCo-optation, commodification and the medical model: governing UK medicine since 1991 | ||
| 260 | _c2009 | ||
| 300 | _ap.184-97. | ||
| 650 | _aHealth services - Great Britain | ||
| 650 | _aHealth services | ||
| 773 | _aPublic Administration | ||
| 908 | _aN | ||
| 909 | _a82803 | ||
| 999 |
_c82803 _d82803 |
||